000 00274nam a22001217a 4500
008 180223b xxu||||| |||| 00| 0 eng d
041 _aeng
080 _a37
100 _a48
101 _aedu
245 _aintroduction community recreation
_cbutler.g.d
942 _2udc
_cBK
999 _c43330
_d43330